| 000 | 00937nam a2200265 a 4500 | ||
|---|---|---|---|
| 001 | 000030266 | ||
| 005 | 20200930060201.0 | ||
| 008 | 110505s2009 dr ac 000 0 spa d | ||
| 020 | _a9789945871807 | ||
| 040 |
_aDO-SdBNP _bspa _cBNPHU |
||
| 082 |
_a641.874 _bF289c |
||
| 100 | 1 |
_aFebles, Juan _922082 |
|
| 245 | 1 | 0 |
_aCurso de bartender : _bguía del participante / _cJuan Febles, Juan Santana. |
| 260 |
_aSanto Domingo : _bA&B Masters, _c2009. |
||
| 300 |
_a161 p. : _bil., retrs. ; _c29 cm. |
||
| 500 | _aEscuela dominicana de alimentos y bebidas | ||
| 500 | _aLa biblioteca posee dos (2) ejemplares autografiados por los autores. | ||
| 590 | _aInventariado, 2018/ YL | ||
| 650 | 4 |
_aBedidas alcohólicas _956942 |
|
| 650 | 4 |
_aBares _956943 |
|
| 650 | 4 |
_aCoctéles _92215 |
|
| 700 | 1 |
_aSantana, Juan _920482 |
|
| 710 | 2 |
_aEscuela Dominicana de Alimentos y Bebidas A&B Masters, _956944 |
|
| 910 | _aValidado. Control de calidad EMS | ||
| 999 |
_c29758 _d29758 |
||